Kopenhaga – quiz wielokrotnego wyboru - Statystyki

Ogólne statystyki
  • Ten quiz został rozwiązany 664 razy
  • Średni wynik to 6 z 10
Statystyki odpowiedzi
Zagadnienie Odpowiedź % Poprawnych
Co przedstawia najpopularniejsza rzeźba w Kopenhadze? Syrenę
81%
Z której z tych rzeczy znana jest Kopenhaga? Jest bardzo przyjazna rowerom
80%
Jaka marka piwa pochodzi z Kopenhagi? Carlsberg
78%
Jakie Szwedzkie miasto jest połączone z Kopenhagą mostem nad Sundem? Malmo
78%
Jak po duńsku nazywa się Kopenhaga? København
75%
Na jakiej wyspie znajduje się większość Kopenhagi? Zelandia
61%
Jaki park rozrywki został otwarty w Kopenhadze w 1843 roku? Ogrody Tivoli
53%
Jak nazywa się była baza wojskowa, która została przejęta przez anarchistów w 1971 roku? Christiania
50%
Czym jest Noma? Restauracją wybraną najlepszą na świecie kilka razy
39%
Novo Nordisk, z siedzibą w Kopenhadze, jest ostatnio najbardziej wartościową firmą w Europie. Z czego jest znana? Leków na odchudzanie
30%
Nie znaleziono quizów pasujących do podanych kryteriów
Rozkład punktacji
Procent ludzi z każdym wynikiem
Percentyl według liczby udzielonych odpowiedzi
Twoja historia wyników
Nie rozwiązałeś tego quizu